1436 1145 1205 1964 1396 1873 1773 1049 1686 1040 1734 1006 1609 1847 1708 1025 1398 1737 1247 1557 1851 1317 1303 1352 1011 1241 1136 1409 1847 1330 1743 1698 1527 1745 1134 1418 1730 1608 1101 1022 1352 1859 1512 1233 1522 1914 1919 1406 1046 1219 1451 1165 1372 1214 1733 1587 1501 1573 1713 1372 1369 1500 1898 1733 1056 1124 1589 1688 1063 1435 1139 1882 1468 1652 1261 1416 1309 1918 1822 1150 1604 1385 1564 1154 1976 1423 1611 1754 1760 1259 1430 1650 1591 1946 1219 1290 1369 1015 1748 BCNSPRNW ULIB Ver.6.0+V

เปลี่ยนเป็นภาษาไทย

Change to English
 แสดงรายละเอียดบรรณานุกรม
  กลับหน้าหลัก

Brief Record : Get Marc (ISO 2709) : E-mail record : QR code < ปิดหน้าต่าง
LEADER : 00000nam 2200000uu 4500
001    13399123169
003     ULIB
008    130709s2551||||th 000 0 tha d
020    ^a9789740466680
090    ^aนว.^bร111ร
100 0  ^aโรสลิต้า
245 00 ^aเรื่องเล่าสาววอลมาร์ท/^cโรสลิต้า
250    ^aพิมพ์ครั้งที่ 1
260    ^aกรุงเทพฯ :^bนกฮูก,^c2551
300    ^a351หน้า
710 1  ^aนกฮูก
945    ^p235^l0^i20317
995    ^aทศพร
999    ^aทศพร เกษรทอง
รายการนี้ยังไม่มีแท็ก
คุณยังไม่ได้ล็อกอิน คุณสามารถมีกิจกรรมร่วมกับเว็บไซต์ได้ แต่ต้องล็อกอินก่อน ::
  ล็อกอิน

รายการสื่อสารสนเทศ

ลำดับที่ ประเภท เลขเรียก/บาร์โค้ด สถานที่ สถานะ
1. นวนิยาย
นวนิยาย
นว. ร111ร ฉ.1 
  Barcode: 20317
ห้องสมุดวิทยาเขตนครสวรรค์
►นวนิยาย:l:Fiction
บนชั้น

BibComment


ยังไม่เคยถูกคอมเมนท์

คอมเมนท์ทรัพยากรรายการนี้
  คอมเมนท์: เรื่องเล่าสาววอล..


 Copyright 2026. Bcnsprnw @Library